00661nam a2200181Ia 4500003000900000008004100009040001600050080002000066100002300086245013700109260004800246300001500294650003300309650001900342942000700361999001500368952009600383IN-BaIIA211028s9999 xx 000 0 eng d cIIA Library a083:535.33bKEL aKelly, R. L914718 0aAtomic emission lines in the near ultavioletbhydrogen through krypt.oncR. L. Kelly  aMarylandbGoddard Space Flight Centrec1979 aiii, 400p. aAtomic emission lines914719 aNASA thesaurus cBK c8755d8755 00104070aBANbBANcGENd1986-07-14l0o083:535.33/ KELp9631r2021-11-05w1986-07-14yBK